| 000 | 00940nam a22002055i 4500 | ||
|---|---|---|---|
| 001 | 158698 | ||
| 003 | ES-MaACL | ||
| 005 | 20230906211256.0 | ||
| 008 | 040902s1866 fr a |||| | fre d | ||
| 040 |
_aCAM _bspa _cCAM |
||
| 100 | 1 |
_aMarcou, Jules. _976547 |
|
| 245 | 1 | 4 |
_a[La terrain crétacé des environs de Sioux-City, de la Mission des Omahas et de Tekama, sur les bords du Missouri / _cpar Jules Marcou]. |
| 260 |
_aParis : _b[s.n., _cs.a.] ( _fImprimerie de E. Martinet) |
||
| 300 |
_aP.56-71, [1] h. pleg. de lám. ; _c23 cm. |
||
| 500 | _aExtrait du Bulletin de la Société Géologique de France, 2e série, t.XXIV, p.56, séance du 19 novembre 1866. | ||
| 594 | _aTit. tomado de comiento de texto. | ||
| 596 | _aPie de imp. tomado de colofón. | ||
| 650 | 4 |
_aGeología- _zEstados Unidos. _9157305 |
|
| 852 |
_aES-MaACL _jT-901-F-11 _z-- Enc. hol. _z-- Legado de Federico de Botella y de Hornos _z-- Enc. en un vol. facticio |
||
| 999 |
_c158698 _d158698 |
||